My favourite stories for : girls
| Format: | Book |
|---|---|
| Published: |
England :
Brown Watson ,
2013
|
| Subjects: |
MARC
| LEADER | 00000cam a2200000 7i4500 | ||
|---|---|---|---|
| 001 | 0000038911 | ||
| 005 | 20220105104134.0 | ||
| 008 | 131202 | ||
| 020 | |a 0709721147 | ||
| 090 | 0 | 0 | |a JP |b ENG |
| 245 | 1 | 0 | |a My favourite stories for : |b girls |
| 260 | |a England : |b Brown Watson , |c 2013 | ||
| 500 | |a Children age 4-6 years old (yellow) | ||
| 650 | 0 | |a Children |x Books and reading | |
| 999 | |a 0001257263 |b Book |c Children Collection |e Perbadanan Perpustakaan Awam Johor | ||